000 00372nam a2200133 i 4500
001 bg
100 1 _aNOWAK-LENARTOWSKA, A.
245 0 _aOsiedle przyzakładowe jako problem urbanistyczny regionu na przykładzie G.O.P /
_cA. Nowak-Lenartowska.
260 _aWarszawa,
_c1973.
040 _cBPK
041 _apol
942 _cKS
008 s pl f |000 0 pol
999 _c5937
_d5937
856 _uhttp://koha.tu.koszalin.pl/cgi-bin/koha/opac-detail.pl?biblionumber=5937
_yKatalog online BPK